000 00482nab a2200181 4500
001 244442
003 OSt
005 20240618091707.0
007 tu
008 200917s2020|||||||
040 _aDE-2950
_cDE-2950
245 0 0 _aWohnen in Frankfurt spannendstem Viertel
_bLisa Larossa
264 _c2024
653 _aFrankfurt (Oder)
653 _aLebuserVorstadt
773 0 _g35. Jahrgang (2024) Nr. 116 vom 11.05.2024, S. 15 mit Foto
_tMärkische Oderzeitung
942 _2z
_cA
999 _c373177
_d373177